| Tag |
First Indicator |
Second Indicator |
Subfields |
| LEADER |
00000cam a2200000 4500 |
| 001 |
in00000058575 |
| 005 |
20151007082356.0 |
| 008 |
790913s1930 nyu 00000 eng d |
| 010 |
|
|
|a 31004788
|
| 035 |
|
|
|a (OCoLC)05370982
|
| 035 |
|
|
|9 AAF7778AM
|
| 040 |
|
|
|a BUF
|c BUF
|d TXA
|d UtOrBLW
|
| 049 |
|
|
|a TXAM
|c [220605]
|
| 090 |
|
|
|a HB91
|b .C3 1930
|
| 092 |
|
|
|a 330.151
|b U99s
|
| 100 |
1 |
|
|a Castillo, Andrés Villegas,
|d 1903-
|
| 245 |
1 |
0 |
|a Spanish mercantilism ;
|b Geronimo de Uztariz--economist.
|
| 264 |
|
1 |
|a New York,
|b [publisher not identified] ;
|c 1930.
|
| 300 |
|
|
|a 193 pages
|
| 336 |
|
|
|a text
|b txt
|2 rdacontent
|
| 337 |
|
|
|a unmediated
|b n
|2 rdamedia
|
| 338 |
|
|
|a volume
|b nc
|2 rdacarrier
|
| 502 |
|
|
|b Ph. D.
|c Columbia University
|d 1930.
|
| 504 |
|
|
|a Includes bibliographies.
|
| 600 |
1 |
0 |
|a Uztáriz, Gerónimo de,
|d 1670-1732.
|
| 650 |
|
0 |
|a Mercantile system
|z Spain.
|
| 651 |
|
0 |
|a Spain
|x Economic conditions.
|
| 651 |
|
0 |
|a Spain
|x Economic policy.
|
| 999 |
|
|
|a MARS
|
| 999 |
f |
f |
|s ba8fe139-388c-30d7-9ba6-429af05a76af
|i 5914906e-7bc8-3e2e-921b-a07111f69bf4
|t 0
|
| 952 |
f |
f |
|p ric
|a Texas A&M University
|b Rellis Campus
|c Joint Library Facility
|d Remote Storage
|t 0
|e HB91 .C3 1930
|h Library of Congress classification
|i unmediated -- volume
|m A14800694343
|
| 998 |
f |
f |
|a HB91 .C3 1930
|t 0
|l Remote Storage
|